شکار بیتی / (Record no. 106155)

MARC details
000 -LEADER
fixed length control field 00761nam a22002537a 4500
005 - DATE AND TIME OF LATEST TRANSACTION
control field 20170123162304.0
010 ## - LIBRARY OF CONGRESS CONTROL NUMBER
LC control number A-420162
020 ## - INTERNATIONAL STANDARD BOOK NUMBER
Terms of availability 00.00
035 ## - SYSTEM CONTROL NUMBER
System control number A-420162
037 ## - SOURCE OF ACQUISITION
Source of stock number/acquisition Cen Lib/Ret
040 ## - CATALOGING SOURCE
Original cataloging agency DPL
Language of cataloging UR
082 ## - DEWEY DECIMAL CLASSIFICATION NUMBER
Classification number 799.2
Item number ن و ک
100 ## - MAIN ENTRY--PERSONAL NAME
Personal name نقوی، قمر
9 (RLIN) 108271
245 ## - TITLE STATEMENT
Title شکار بیتی /
Statement of responsibility, etc قمر نقوی
246 ## - VARYING FORM OF TITLE
Title proper/short title Shikar beetee /
Remainder of title by Qamar Naqvi
260 ## - PUBLICATION, DISTRIBUTION, ETC. (IMPRINT)
Place of publication, distribution, etc لاہور
Name of publisher, distributor, etc مقبول اکادمی
270 ## - ADDRESS
City لاہور
Address 199 سرکار روڈ چوک انارکلی
300 ## - PHYSICAL DESCRIPTION
Extent 282p.
Dimensions 19cm(Hb)
650 ## - SUBJECT ADDED ENTRY--TOPICAL TERM
Topical term or geographic name as entry element اردو ادب
9 (RLIN) 108272
650 ## - SUBJECT ADDED ENTRY--TOPICAL TERM
Topical term or geographic name as entry element جنگلات
9 (RLIN) 108273
650 ## - SUBJECT ADDED ENTRY--TOPICAL TERM
Topical term or geographic name as entry element Urdu litarature
9 (RLIN) 108274
650 ## - SUBJECT ADDED ENTRY--TOPICAL TERM
Topical term or geographic name as entry element Forestry
9 (RLIN) 553
942 ## - ADDED ENTRY ELEMENTS (KOHA)
Source of classification or shelving scheme Dewey Decimal Classification
Koha item type Urdu Bks
Classification part 799.2
Call number suffix ن و ک
Holdings
Withdrawn status Lost status Damaged status Not for loan Home library Current library Date acquired Source of acquisition Cost, normal purchase price Total Checkouts Full call number Barcode Date last seen Copy number Cost, replacement price Price effective from Koha item type
        Central Library Central Library 15/12/2015 Cen Lib/Ret 0.00   799.2 ن و ک A-420162 15/12/2015 1 0.00 15/12/2015 Urdu Bks

© Delhi Public Library
Hit Counter
free hit counter